[Event "ESPERANTO"]
[Site "SchemingMind.com"]
[Date "2007.10.21"]
[Round "-"]
[White "Dr_Pat"]
[Black "javilez"]
[Result "0-1"]
[WhiteCountry "USA"]
[BlackCountry "NCA"]
[WhiteElo "1497"]
[WhiteRD "44"]
[BlackElo "1742"]
[BlackRD "56"]
[GameID "125565"]

1. d4 d5 2. c4 c6 3. Nf3 Nf6 4. Nc3 e6 5. e3 Nbd7 6. Bd3 dxc4 7. Bxc4 b5 8. Bd3 Bb7 9. O-O a6 10. a4 b4
11. Ne2 c5 12. Bd2 Bxf3 13. gxf3 Bd6 14. f4 O-O 15. Ng3 cxd4 16. Ne4 Nc5 17. Nxc5 Bxc5 18. f5 dxe3 19. Bxe3 Bxe3 20. fxe3 Nd5
21. fxe6 Qg5+ 22. Kh1 Nxe3 23. Bxh7+ Kxh7 24. Qd3+ g6 25. Rxf7+ Rxf7 26. Rg1 Qxg1+ 27. Kxg1 Rf1+ 28. Qxf1 Nxf1
0-1

[Event "ESPERANTO"]
[Site "SchemingMind.com"]
[Date "2007.10.25"]
[Round "-"]
[White "knightrider"]
[Black "javilez"]
[Result "0-1"]
[WhiteCountry "USA"]
[BlackCountry "NCA"]
[WhiteElo "1520"]
[WhiteRD "68"]
[BlackElo "1742"]
[BlackRD "56"]
[GameID "125566"]

1. e4 c5 2. Nf3 d6 3. d4 cxd4 4. Nxd4 Nf6 5. Nc3 a6 6. Be3 e5 7. Nb3 b5 8. Be2 Bb7 9. Nd5 Nbd7 10. Nxf6+ Nxf6
11. f3 Be7 12. Qd2 Qd7 13. O-O-O O-O 14. c4 Rac8 15. Na5 bxc4 16. Bxc4 d5 17. exd5 Bxd5 18. Kb1 Qf5+ 19. Bd3 e4 20. Be2 exf3+
21. Bd3 Ne4 22. Qe1 fxg2 23. Rg1 Qe6 24. Nb3 Ng5 25. Bxg5 Bxg5 26. Nd4 Qxe1 27. Rgxe1 Bh4 28. Rg1 Bf2 29. Nf5 Rcd8 30. Ne7+ Kh8
31. Rxg2 Bxg2
0-1

[Event "ESPERANTO"]
[Site "SchemingMind.com"]
[Date "2007.10.21"]
[Round "-"]
[White "rao"]
[Black "javilez"]
[Result "1-0"]
[WhiteCountry "INT"]
[BlackCountry "NCA"]
[WhiteElo "1564"]
[WhiteRD "67"]
[BlackElo "1691"]
[BlackRD "60"]
[GameID "125567"]

1. d4 d5 2. Nc3 c6 3. e4 dxe4 4. Nxe4 Bf5 5. Ng3 Bg6 6. c3 e6 7. Nf3 Bd6 8. Bd3 Qc7 9. Bxg6 hxg6 10. Ng5 Bxg3
11. fxg3 Rxh2 12. Rxh2 Qxg3+ 13. Kd2 Qxh2 14. Qf3 Nf6 15. b4 Qh5 16. Kc2 Qxf3 17. gxf3 Nbd7 18. Bf4 Ke7 19. Ne4 Nxe4 20. fxe4 Rh8
21. Bg5+ f6 22. Be3 Rh3 23. Bd2 g5 24. a4 Nb6 25. Kb3 g4 26. Rg1 f5 27. exf5 exf5 28. a5 Nd5 29. Re1+ Kf6 30. Kc2 f4
31. c4 Ne3+ 32. Bxe3 Rxe3 33. Rxe3 fxe3 34. Kd3 e2 35. Kxe2 Kf5 36. Ke3 g3 37. Kf3 g2 38. Kxg2
1-0

[Event "ESPERANTO"]
[Site "SchemingMind.com"]
[Date "2007.10.21"]
[Round "-"]
[White "ekulrac"]
[Black "javilez"]
[Result "0-1"]
[WhiteCountry "SCO"]
[BlackCountry "NCA"]
[WhiteElo "1670"]
[WhiteRD "56"]
[BlackElo "1797"]
[BlackRD "61"]
[GameID "125568"]

1. e4 c5 2. Nf3 d6 3. b4 cxb4 4. d4 Nf6 5. Bd3 Bg4 6. h3 Bh5 7. Bb2 e6 8. Nbd2 Nc6 9. e5 dxe5 10. dxe5 Nd5
11. Ne4 Nf4 12. O-O Be7 13. Kh2 Qd7 14. g3 Nxd3 15. cxd3 Rd8 16. Nd6+ Bxd6 17. exd6 O-O 18. d4 Qxd6 19. Qd3 Bxf3 20. Qxf3 Nxd4
21. Qe4 Qd5 22. Qg4 Nf3+
0-1

[Event "ESPERANTO"]
[Site "SchemingMind.com"]
[Date "2007.10.26"]
[Round "-"]
[White "sentinel"]
[Black "javilez"]
[Result "0-1"]
[WhiteCountry "AUS"]
[BlackCountry "NCA"]
[WhiteElo "1230"]
[WhiteRD "129"]
[BlackElo "1742"]
[BlackRD "56"]
[GameID "125570"]

1. Nc3 d5 2. e4 d4 3. Nb5 a6 4. Na3 e5 5. Bc4 Nf6 6. Nf3 Bg4 7. h3 Bxf3 8. Qxf3 b5 9. Bb3 Nbd7 10. d3 Bb4+
11. c3 dxc3 12. bxc3 Bxc3+ 13. Bd2 Bxa1 14. Bg5 Bc3+ 15. Ke2 O-O 16. Rc1 Bb2 17. Rc6 Bxa3 18. d4 exd4 19. e5 Re8 20. Bxf6 Nxf6
21. Kd3 Rxe5 22. Rxf6 Qxf6 23. Qxa8+ Bf8 24. Qc8 Qxf2 25. Qd7 Re3+ 26. Kxd4 Re7+ 27. Kd5 Rxd7+ 28. Kc6 Rd6+ 29. Kxc7 Qb6+ 30. Kc8 Rd8#
0-1